L'empire du Pretre-Jean /

محفوظ في:

المؤلف الرئيسي: Doresse, Jean, 1917-2007 (مؤلف)

التنسيق: كتاب

اللغة: French

منشور في: [Paris] : Librairie Plon, [c1957].

سلاسل: D’un monde à l’autre ; la collection des découvertes.

الموضوعات:

الوسوم: إضافة وسم

لا توجد وسوم, كن أول من يضع وسما على هذه التسجيلة!

رقم الطلب: DT381 .D7 v.1-2

LEADER 00747nam a22002297a 4500
003 OSt
005 20260420184403.0
008 260420t1957 fr ab 000 0 fre d
010 |a 59025174 
040 |c ARCE Library 
043 |a f-et--- 
050 1 4 |a DT381  |b .D7 v.1-2 
100 1 |a Doresse, Jean,  |d 1917-2007,  |e author  |9 29152 
245 1 2 |a L'empire du Pretre-Jean /  |c Jean Doresse. 
264 1 |a [Paris] :   |b Librairie Plon,   |c [c1957]. 
300 |a 2 volumes :   |b illustrations, map ;   |c 20 cm. 
490 0 |a D’un monde à l’autre ; la collection des découvertes. 
505 0 |g volume 1.  |t L'Ethiopie antique. --  |g volume 2.  |t L'Ethiopie medievale. 
651 0 |a Ethiopia  |x History  |y To 1490. 
901 |a reviewed 
942 |c BK  |2 lcc 
999 |c 15067  |d 15067